000 00523nam a2200145Ia 4500
008 100122s9999 xx 000 0 und d
082 _b38285
_a822.08
100 _aपवार जयंत
245 _aदरवेशी आणि इतर एकांकिका
260 _bअभिनव प्रक ाशन
_c1905
300 _a75
630 _aदरवेशी आणि इतर एकांकिका
730 _aदरवेशी आणि इतर एकांकिका
942 _cBOOK
999 _c420487
_d420484